[Event "Madrid San Viator op 21st"]
[Site "Madrid"]
[Date "2013.09.29"]
[Round "1"]
[White "Guillo Sanchez Galiano, Eduardo"]
[Black "Mateos Cordero, Francisco"]
[Result "0-1"]
[WhiteElo "1309"]
[BlackElo "1601"]
[PlyCount "70"]
[EventDate "2013.09.29"]
[EventType "swiss"]
[EventRounds "9"]
[EventCountry "ESP"]
[SourceTitle "EXT 2015"]
[Source "ChessBase"]
[SourceDate "2014.11.20"]
[SourceVersion "1"]
[SourceVersionDate "2014.11.20"]
[SourceQuality "1"]

1. e4 c5 2. Nc3 d6 3. Be2 Nf6 4. d3 Nc6 5. Nf3 e6 6. 0-0 Be7 7. d4 cxd4 8. Nxd4 Nxd4 9. Qxd4 0-0 10. Qe3 a6 11. Qg3 Kh8 12. Rd1 Qc7 13. Bg5 b5 14. a3 Bb7 15. Bxf6 gxf6 16. Qh3 Rg8 17. Bd3 Rg7 18. Re1 Rag8 19. g3 Qc6 20. a4 b4 21. Nb5 axb5 22. axb5 Qb6 23. Ra6 Bxa6 24. bxa6 Ra8 25. Ra1 Ra7 26. Bc4 Qc5 27. Qf1 Bd8 28. Qd3 Bb6 29. Qe3 Qxe3 30. fxe3 Bxe3+ 31. Kh1 Bc5 32. Ra5 Rg5 33. h4 Re5 34. Bd3 Kg7 35. Rb5 Rxa6 0-1